000 02951cam a2200493 i 4500
001 21816074
003 CSPC
005 20250602105448.0
008 201125s2022 maua b 001 0 eng d
010 _a 2020950802
015 _aGBC125170
_2bnb
016 7 _a020106883
_2Uk
020 _a9780357141090
_q(hardcover)
020 _a0357141091
_q(hardcover)
035 _a(OCoLC)on1242749426
040 _aUKMGB
_beng
_cUKMGB
_erda
_dOCLCO
_dOCLCF
_dYDX
_dOCLCO
_dUKMGB
_dDLC
_dCSPC
042 _alccopycat
050 0 0 _aHF5686.C8
_bH2383 2022
082 0 4 _a658.1552
_bH198c
_223
100 1 _aHansen, Don R.,
_eauthor.
240 1 0 _aCornerstones of cost management
245 1 0 _aCost management /
_cDon R. Hansen, Maryanne M. Mowen, and Dan L. Heitger.
250 _aFifth edition.
264 1 _aBoston, Massachusetts :
_bCengage,
_c2022.
300 _axxv, 1128 pages :
_billustrations (chiefly color) ;
_c29 cm.
336 _atext
_btxt
_2rdacontent
337 _aunmediated
_bn
_2rdamedia
338 _avolume
_bnc
_2rdacarrier
500 _aEarlier editions published as: Cornerstones of cost management.
504 _aIncludes bibliographical references and index.
505 0 _aIntroduction to cost management -- Basic cost management concepts -- Cost behavior and forecasting -- Activity-based costing -- Making the connection -- Product and service costing: job-order system -- Process costing -- Allocating costs of support departments and joint products -- Budgeting for planning and control -- Standard costing: a functional-based control approach -- Decentralization: responsibility accounting, performance evaluation, and transfer pricing -- Making the connection -- Strategic cost management -- Activity-based management -- Strategic-based control systems and the balanced scorecard -- Quality and environmental cost management -- Lean accounting and productivity measurement -- Making the connection -- Cost-volume -profit analysis -- Activity resource usage model and tactical decision making -- Pricing and profitability analysis -- Capital investment -- Inventory management: economic order quantity, JIT, and the theory of constraints -- International issues in cost management.
650 0 _aCost accounting.
650 0 _aCost control.
650 0 _aManagerial accounting.
650 7 _aCost accounting.
_2fast
_0(OCoLC)fst00880661
650 7 _aCost control.
_2fast
_0(OCoLC)fst00880702
650 7 _aManagerial accounting.
_2fast
_0(OCoLC)fst01007320
700 1 _aMowen, Maryanne M.,
_eauthor.
700 1 _aHeitger, Dan L.
_q(Dan Lester),
_eauthor.
906 _a7
_bcbc
_ccopycat
_d3
_encip
_f20
_gy-gencatlg
942 _2ddc
_cBK
_e23
_h658.1522
_iH198c
_kCIR
_m2022
_n0
999 _c29633
_d29633